[Event "41st World U20 ch"]
[Site "Panaji IND"]
[Date "2002.12.11"]
[Round "4.2"]
[White "Azarov, Sergei"]
[Black "Aronian, Levon"]
[Result "1/2-1/2"]
[WhiteElo "2520"]
[BlackElo "2581"]
[EventDate "2002.12.09"]
[PlyCount "35"]

1.e4 e5 2.Nf3 Nc6 3.Bb5 Nf6 4.d3 d6 5.c3 Bd7 6.Ba4 g6 7.Nbd2 Bg7 8.O-O O-O
9.Re1 Qe8 10.Nf1 Nh5 11.Ne3 Kh8 12.Nd5 Rc8 13.Bc2 Ne7 14.d4 exd4 15.Nxd4 
Nxd5 16.exd5 Qd8 17.Be3 Re8 18.a4 1/2-1/2

[Event "41st World U20 ch"]
[Site "Panaji IND"]
[Date "2002.12.11"]
[Round "4.4"]
[White "Harikrishna, Pentala"]
[Black "Potkin, Vladimir"]
[Result "1/2-1/2"]
[WhiteElo "2551"]
[BlackElo "2495"]
[EventDate "2002.12.09"]
[PlyCount "111"]

1.d4 d5 2.c4 e6 3.Nc3 c6 4.e3 Nf6 5.Nf3 Nbd7 6.Bd3 dxc4 7.Bxc4 b5 8.Be2 
Bb7 9.O-O Be7 10.a3 a5 11.Bd2 O-O 12.Qc2 Qb8 13.Rfc1 Rc8 14.Qd1 b4 15.Na4 
c5 16.dxc5 Bd5 17.axb4 axb4 18.Qe1 Bb3 19.c6 Bxa4 20.cxd7 Rxc1 21.Qxc1 
Bxd7 22.Rxa8 Qxa8 23.Ne5 Be8 24.Bf3 Qa2 25.h3 h6 26.Nc6 Bxc6 27.Bxc6 Bd6 
28.Bb5 g6 29.Bc4 Qa5 30.Qc2 Kg7 31.Be2 Be5 32.Qb1 g5 33.Bf3 Qa4 34.Qe1 
Bxb2 35.Bxb4 Qa1 36.Qxa1 Bxa1 37.Kf1 h5 38.Bc6 Be5 39.Ke2 Bb2 40.Kd3 Be5 
41.Kc4 Bb2 42.Bd6 Ba1 43.Bb4 Be5 44.Kc5 Kg6 45.Kc4 Kg7 46.Bc5 Bb2 47.g3 g4
48.hxg4 hxg4 49.Bd6 Ba1 50.Kd3 Kg6 51.e4 Kg7 52.e5 Nh7 53.Ke3 Nf8 54.Bb5 
Ng6 55.Ke2 Kh6 56.Be7 1/2-1/2

[Event "41st World U20 ch"]
[Site "Panaji IND"]
[Date "2002.12.11"]
[Round "4.5"]
[White "Berkes, Ferenc"]
[Black "Neelotpal, Das"]
[Result "1/2-1/2"]
[WhiteElo "2545"]
[BlackElo "2374"]
[EventDate "2002.12.09"]
[PlyCount "60"]

1.d4 Nf6 2.c4 e6 3.Nf3 b6 4.g3 Ba6 5.b3 b5 6.cxb5 Bxb5 7.Bg2 d5 8.O-O Bd6 
9.Nc3 Ba6 10.Ne5 O-O 11.Bf4 Nbd7 12.Rc1 Nxe5 13.dxe5 Ba3 14.Rc2 Nd7 15.h4 
c5 16.Nxd5 exd5 17.Bxd5 Nb6 18.Bxa8 Qxa8 19.Qd2 Qe4 20.f3 Qb7 21.Rd1 c4 
22.Bg5 Re8 23.h5 Bf8 24.h6 g6 25.Bf6 cxb3 26.axb3 Bb5 27.Kg2 Nd7 28.Qd5 
Qb8 29.Qd4 Qb7 30.Qd5 Qb8 1/2-1/2

[Event "41st World U20 ch"]
[Site "Panaji IND"]
[Date "2002.12.11"]
[Round "4.6"]
[White "Sadykov, Rustem"]
[Black "Ni Hua"]
[Result "1/2-1/2"]
[WhiteElo "2400"]
[BlackElo "2545"]
[EventDate "2002.12.09"]
[PlyCount "110"]

1.e4 c5 2.Nf3 Nc6 3.d4 cxd4 4.Nxd4 Nf6 5.Nc3 e5 6.Ndb5 d6 7.Bg5 a6 8.Na3 
b5 9.Bxf6 gxf6 10.Nd5 f5 11.c3 Bg7 12.exf5 Bxf5 13.Nc2 O-O 14.Nce3 Bg6 15.
h4 Be4 16.h5 Qg5 17.Rh3 Kh8 18.g4 f5 19.gxf5 Bxf5 20.Rg3 Qh6 21.Nxf5 Rxf5 
22.Ne3 Rxh5 23.Qd5 Rc8 24.O-O-O Ne7 25.Qb7 Bf8 26.Be2 Rg5 27.Rh1 Qg7 28.
Bg4 Re8 29.Qd7 Ra8 30.Rgh3 h6 31.Qb7 Re8 32.Qd7 Ra8 33.Bd1 Ng8 34.Qe6 Qg6 
35.Qd5 Rc8 36.Bc2 e4 37.Bxe4 Rxd5 38.Bxg6 Rg5 39.Bf5 Re8 40.f4 Rg7 41.
Rxh6+ Nxh6 42.Rxh6+ Kg8 43.Be6+ Rxe6 44.Rxe6 Kf7 45.Re4 Rg1+ 46.Kc2 Re1 
47.Kd2 Rh1 48.Nd5 Rh5 49.Nc7 a5 50.Ne6 Rh7 51.Kc1 Rh1+ 52.Kc2 Rh2+ 53.Kc1 
Rh1+ 54.Kd2 Rh2+ 55.Kc1 Rh1+ 1/2-1/2

[Event "41st World U20 ch"]
[Site "Panaji IND"]
[Date "2002.12.11"]
[Round "4.7"]
[White "Ganguly, Surya Shekhar"]
[Black "Bromberger, Stefan"]
[Result "1/2-1/2"]
[WhiteElo "2531"]
[BlackElo "2414"]
[EventDate "2002.12.09"]
[PlyCount "42"]

1.e4 e6 2.d4 d5 3.Nd2 Nf6 4.e5 Nfd7 5.f4 c5 6.c3 Nc6 7.Ndf3 cxd4 8.cxd4 f5
9.Bd3 Be7 10.Ne2 Nb6 11.a3 Bd7 12.Rg1 Rc8 13.g4 O-O 14.Kf1 Na5 15.b3 Na8 
16.Rb1 Qb6 17.a4 Nc6 18.Rb2 Ba3 19.Rb1 Be7 20.Rb2 Ba3 21.Rb1 Be7 1/2-1/2

[Event "41st World U20 ch"]
[Site "Panaji IND"]
[Date "2002.12.11"]
[Round "4.8"]
[White "Bu Xiangzhi"]
[Black "Simutowe, Amon"]
[Result "1-0"]
[WhiteElo "2601"]
[BlackElo "2383"]
[EventDate "2002.12.09"]
[PlyCount "117"]

1.d4 Nf6 2.c4 e6 3.Nc3 Bb4 4.e3 O-O 5.Ne2 d5 6.a3 Be7 7.cxd5 exd5 8.g3 
Nbd7 9.Bg2 Nb6 10.O-O Re8 11.Kh1 c6 12.Qc2 h5 13.f3 c5 14.Rd1 cxd4 15.Nxd4
Bd7 16.b3 Rc8 17.Bb2 Bd6 18.Qf2 Qe7 19.Re1 Rc5 20.a4 a6 21.a5 Nc8 22.Qd2 
Na7 23.Qd3 Nc6 24.Qd2 Ne5 25.f4 Neg4 26.h3 Nh6 27.e4 dxe4 28.Nxe4 Nxe4 29.
Rxe4 Be6 30.Nxe6 fxe6 31.Rae1 Rd5 32.Qxd5 exd5 33.Rxe7 Rxe7 34.Rxe7 Bxe7 
35.Bxd5+ Kf8 36.Bxb7 Bb4 37.Bxa6 Bxa5 38.Ba3+ Kf7 39.Bc4+ Ke8 40.Be6 Bc7 
41.h4 g6 42.Kg2 Nf5 43.Bc5 Nd6 44.Bd5 Ke7 45.b4 Kf6 46.Bd4+ Ke7 47.Be5 Nb5
48.Bxc7 Nxc7 49.Be4 Kf6 50.Bc6 Ne6 51.b5 Nd4 52.Be8 Nb3 53.b6 Na5 54.Kf3 
Kf5 55.Bb5 Nb7 56.Bc6 Nc5 57.b7 Na6 58.Bd7+ Kf6 59.Bb5 1-0

[Event "41st World U20 ch"]
[Site "Panaji IND"]
[Date "2002.12.11"]
[Round "4.9"]
[White "Gozzoli, Yannick"]
[Black "Miton, Kamil"]
[Result "1/2-1/2"]
[WhiteElo "2377"]
[BlackElo "2564"]
[EventDate "2002.12.09"]
[PlyCount "56"]

1.Nf3 Nc6 2.e4 e5 3.Bb5 f5 4.d4 fxe4 5.Nxe5 Nxe5 6.dxe5 c6 7.Nc3 cxb5 8.
Nxe4 d5 9.exd6 Nf6 10.Bg5 Qa5+ 11.Bd2 b4 12.Nxf6+ gxf6 13.O-O Bxd6 14.Bh6 
Qc5 15.Re1+ Kf7 16.Be3 Bxh2+ 17.Kxh2 Qc7+ 18.Kg1 h5 19.Qd5+ Be6 20.Qxe6+ 
Kxe6 21.Bf4+ Qe5 22.Bxe5 fxe5 23.f4 Rac8 24.Rxe5+ Kf6 25.Rd1 Rxc2 26.Rd6+ 
Kf7 27.Rd7+ Kf6 28.Rd6+ Kf7 1/2-1/2

[Event "41st World U20 ch"]
[Site "Panaji IND"]
[Date "2002.12.11"]
[Round "4.10"]
[White "Glinert, Stephen"]
[Black "Timofeev, Artiom"]
[Result "1-0"]
[WhiteElo "2351"]
[BlackElo "2558"]
[EventDate "2002.12.09"]
[PlyCount "109"]

1.e4 c6 2.d4 d5 3.exd5 cxd5 4.c4 Nf6 5.Nc3 Nc6 6.Bg5 Be6 7.Bxf6 gxf6 8.Nf3
Qd7 9.cxd5 Bxd5 10.Nxd5 Qxd5 11.Qb3 Qxb3 12.axb3 a6 13.Bd3 Nb4 14.Bb5+ Kd8
15.Ke2 e6 16.Rhd1 Bd6 17.Bd3 Ke7 18.g3 f5 19.Rac1 Rad8 20.Ne5 f6 21.Nc4 
Bb8 22.Bb1 h5 23.Ne3 Nd5 24.Rc5 Nxe3 25.Kxe3 Rd7 26.Ke2 Rhd8 27.d5 h4 28.
gxh4 f4 29.Bc2 b5 30.h5 f5 31.f3 Ba7 32.dxe6 Rxd1 33.Rc7+ Kd6 34.Rd7+ Kxe6
35.Rxd1 Rh8 36.Ra1 Be3 37.Rxa6+ Ke5 38.h6 Rg8 39.b4 Kd4 40.Rb6 Ke5 41.Rb7 
Ke6 42.Rxb5 Rg2+ 43.Kd3 Rxh2 44.Ra5 Kf6 45.Ra6+ Kg5 46.b5 Rd2+ 47.Kc3 Rd8 
48.Bb3 Kh4 49.b6 Rd6 50.b7 Rxa6 51.b8=Q Rxh6 52.Qd8+ Kh3 53.Qg5 Rd6 54.Bc4
Rd1 55.Qxf5+ 1-0

[Event "41st World U20 ch"]
[Site "Panaji IND"]
[Date "2002.12.11"]
[Round "4.11"]
[White "Ghaem Maghami, Ehsan"]
[Black "Deepan Chakravarthy, Jeyakumar"]
[Result "1/2-1/2"]
[WhiteElo "2511"]
[BlackElo "2355"]
[EventDate "2002.12.09"]
[PlyCount "34"]

1.Nf3 d5 2.g3 Nf6 3.Bg2 c6 4.O-O Bg4 5.d3 Nbd7 6.Nbd2 e6 7.e4 Be7 8.Qe1 
O-O 9.e5 Ne8 10.Qe2 Nc7 11.Re1 f6 12.exf6 Bxf6 13.h3 Bh5 14.g4 Bg6 15.Nf1 
e5 16.g5 Be7 17.Ng3 Bd6 1/2-1/2

[Event "41st World U20 ch"]
[Site "Panaji IND"]
[Date "2002.12.11"]
[Round "4.12"]
[White "Prathamesh, Sunil Mokal"]
[Black "Sandipan, Chanda"]
[Result "1/2-1/2"]
[WhiteElo "2335"]
[BlackElo "2510"]
[EventDate "2002.12.09"]
[PlyCount "47"]

1.e4 e5 2.Nf3 Nc6 3.Bb5 Nf6 4.O-O Nxe4 5.d4 Nd6 6.Bxc6 dxc6 7.dxe5 Nf5 8.
Qxd8+ Kxd8 9.Nc3 Ke8 10.b3 Ne7 11.h3 Ng6 12.Ne2 c5 13.c4 h6 14.Bb2 Be6 15.
Rad1 a6 16.Nc3 Be7 17.Nd5 Bd8 18.Ne3 c6 19.Ne1 Nf4 20.Nd3 Nxd3 21.Rxd3 g5 
22.Kh2 a5 23.a4 Bc7 24.g3 1/2-1/2

[Event "41st World U20 ch"]
[Site "Panaji IND"]
[Date "2002.12.11"]
[Round "4.13"]
[White "Rohit, Gogineni"]
[Black "Mastrovasilis, Dimitrios"]
[Result "1/2-1/2"]
[WhiteElo "2319"]
[BlackElo "2461"]
[EventDate "2002.12.09"]
[PlyCount "29"]

1.e4 e5 2.Nc3 Nf6 3.Bc4 Nc6 4.d3 Bb4 5.Ne2 d5 6.exd5 Nxd5 7.O-O Bxc3 8.
Nxc3 Nxc3 9.bxc3 O-O 10.f4 Na5 11.Bb3 Nxb3 12.axb3 exf4 13.Bxf4 c6 14.Qd2 
Bg4 15.Rfe1 1/2-1/2

[Event "41st World U20 ch"]
[Site "Panaji IND"]
[Date "2002.12.11"]
[Round "4.14"]
[White "Wojtaszek, Radoslaw"]
[Black "Poobesh Anand, Selvaraj"]
[Result "1/2-1/2"]
[WhiteElo "2452"]
[BlackElo "2351"]
[EventDate "2002.12.09"]
[PlyCount "90"]

1.e4 c5 2.Nf3 Nc6 3.d4 cxd4 4.Nxd4 Nf6 5.Nc3 e5 6.Ndb5 d6 7.Nd5 Nxd5 8.
exd5 Nb8 9.c4 Be7 10.Bd3 a6 11.Nc3 O-O 12.O-O f5 13.f3 Bg5 14.Kh1 Nd7 15.
b4 Bxc1 16.Rxc1 b6 17.Qb3 Kh8 18.Na4 Rb8 19.Qa3 Bb7 20.Rfd1 Rc8 21.Qb3 Qe7
22.Be2 Rf6 23.Qe3 Qd8 24.f4 e4 25.g3 Qc7 26.Kg2 h6 27.Rc3 Rg8 28.Qd4 Qd8 
29.Rdc1 Kh7 30.a3 Kh8 31.h4 Rg6 32.h5 Rf6 33.Nb2 Kh7 34.Kf2 g5 35.hxg6+ 
Rfxg6 36.Rh1 Nf6 37.Rh3 b5 38.Nd1 bxc4 39.Ne3 Bc8 40.Rxc4 Bd7 41.Qa7 R8g7 
42.Qxa6 Qg8 43.Rc7 Qf7 44.Qb7 Ne8 45.Rc1 Qf6 1/2-1/2

[Event "41st World U20 ch"]
[Site "Panaji IND"]
[Date "2002.12.11"]
[Round "4.15"]
[White "Annaberdiev, Meilis"]
[Black "Satyapragyan, Swayangsu"]
[Result "1/2-1/2"]
[WhiteElo "2305"]
[BlackElo "2436"]
[EventDate "2002.12.09"]
[PlyCount "87"]

1.d4 Nf6 2.Nf3 e6 3.Bf4 b6 4.e3 Bb7 5.Nbd2 d6 6.h3 Be7 7.Be2 c5 8.O-O O-O 
9.c3 Nc6 10.Bh2 Re8 11.Qb3 cxd4 12.cxd4 Na5 13.Qd3 Bf8 14.Rfd1 Rc8 15.b4 
Nc6 16.Qb3 a6 17.b5 Na5 18.Qb2 axb5 19.Bxb5 Re7 20.Bd3 Nd5 21.e4 Nc3 22.
Re1 d5 23.exd5 Nxd5 24.Rac1 Re8 25.Ne5 Bb4 26.Rxc8 Bxc8 27.Rc1 f6 28.Nec4 
Nxc4 29.Nxc4 Ba6 30.Bg3 Bf8 31.Be4 Bxc4 32.Rxc4 f5 33.Bxd5 Qxd5 34.Rc1 Bd6
35.Bxd6 Qxd6 36.Re1 Kf7 37.Re5 Rc8 38.Qe2 g6 39.g3 Rc6 40.Qe3 Rc4 41.Qh6 
Kg8 42.Qe3 Kf7 43.Qh6 Kg8 44.Qe3 1/2-1/2

[Event "41st World U20 ch"]
[Site "Panaji IND"]
[Date "2002.12.11"]
[Round "4.16"]
[White "Phoobalan, P."]
[Black "Kristjansson, Stefan"]
[Result "1/2-1/2"]
[WhiteElo "2227"]
[BlackElo "2431"]
[EventDate "2002.12.09"]
[PlyCount "73"]

1.e4 e6 2.d4 d5 3.Nc3 Bb4 4.e5 Ne7 5.a3 Bxc3+ 6.bxc3 c5 7.Qg4 Kf8 8.Bd3 
Qa5 9.Bd2 Qa4 10.Ra2 Nbc6 11.Nf3 h6 12.O-O b6 13.Rb1 Ba6 14.Bxa6 Qxa6 15.
Qf4 cxd4 16.cxd4 Kg8 17.g4 Kh7 18.Qe3 Rhc8 19.Qd3+ Qxd3 20.cxd3 Rab8 21.
Rab2 Rb7 22.Kf1 Rcb8 23.Ke2 b5 24.Bb4 Nxb4 25.axb4 Rc8 26.Kd2 Rbc7 27.Ra1 
Kg6 28.h3 h5 29.Ra5 Rb8 30.Ra1 hxg4 31.hxg4 Rh8 32.Ra5 Rh3 33.Ke2 Nc6 34.
Ra1 Ne7 35.Ra5 Nc6 36.Ra1 Ne7 37.Ra5 1/2-1/2

[Event "41st World U20 ch"]
[Site "Panaji IND"]
[Date "2002.12.11"]
[Round "4.17"]
[White "Paragua, Mark"]
[Black "Darban, Varighan"]
[Result "0-1"]
[WhiteElo "2476"]
[BlackElo "2310"]
[EventDate "2002.12.09"]
[PlyCount "166"]

1.Nf3 g6 2.d4 Nf6 3.Nc3 Bg7 4.e4 d6 5.Be2 O-O 6.O-O c6 7.Bf4 Nh5 8.Bg5 h6 
9.Be3 e5 10.Qd2 Kh7 11.Rad1 Qe7 12.a4 Nd7 13.a5 Nhf6 14.dxe5 dxe5 15.a6 b5
16.Qd6 Qxd6 17.Rxd6 b4 18.Na2 Nxe4 19.Rxc6 Nb8 20.Rc7 Bxa6 21.Bd3 b3 22.
Bxe4 Bxf1 23.cxb3 Na6 24.Re7 Bf6 25.Rb7 Be2 26.Nc3 Bxf3 27.gxf3 Bg5 28.
Bxa7 Rac8 29.b4 Bc1 30.Nd5 Bxb2 31.Bd3 Rfd8 32.Be4 Kg7 33.Ne7 Rc1+ 34.Kg2 
Bd4 35.b5 Nc5 36.Bxc5 Bxc5 37.Nxg6 Kf6 38.Nh4 Rd2 39.Rc7 Rxf2+ 40.Kg3 Rg1+
41.Kh3 Be3 42.Bd5 e4 43.Rxf7+ Ke5 44.Bxe4 Rb2 45.Bc6 Ke6 46.Rf8 Bg5 47.Ng6
Rgg2 48.f4 Rxh2+ 49.Kg3 Rhc2 50.fxg5 hxg5 51.Kg4 Rc5 52.Re8+ Kf6 53.Nf8 
Kf7 54.Ra8 Rb4+ 55.Kf3 Rc3+ 56.Ke2 Rb2+ 57.Kd1 Rg3 58.Kc1 Rf2 59.Bd5+ Ke7 
60.Ng6+ Kd6 61.Bb3 Rxb3 62.Rd8+ Kc5 63.Ne5 Kxb5 64.Rd5+ Kb6 65.Nd3 Rg2 66.
Ne1 Rg1 67.Kd2 Rb1 68.Nd3 Kc6 69.Rd4 Rb5 70.Ke3 Rf1 71.Rg4 Kd6 72.Nf2 Ke6 
73.Ke2 Ra1 74.Ne4 Raa5 75.Ke3 Re5 76.Kd4 Kf7 77.Rg1 Kg6 78.Rc1 Re6 79.Nf2 
Rf5 80.Nd3 g4 81.Rc8 Kg5 82.Nc5 Re7 83.Nd3 g3 0-1

[Event "41st World U20 ch"]
[Site "Panaji IND"]
[Date "2002.12.11"]
[Round "4.18"]
[White "Inarkiev, Ernesto"]
[Black "Kamble, Vikramaditya"]
[Result "1-0"]
[WhiteElo "2556"]
[BlackElo "2317"]
[EventDate "2002.12.09"]
[PlyCount "81"]

1.e4 e5 2.Nf3 Nc6 3.Bb5 a6 4.Ba4 Nf6 5.O-O Be7 6.Re1 b5 7.Bb3 d6 8.c3 O-O 
9.h3 Re8 10.Ng5 Rf8 11.Nf3 Re8 12.d4 Bb7 13.a4 h6 14.Nbd2 Bf8 15.Bc2 exd4 
16.Nxd4 Qb8 17.b3 Na7 18.Qf3 Qd8 19.axb5 axb5 20.Qd3 c5 21.Nf5 g6 22.Ng3 
Qb6 23.b4 c4 24.Qe2 Bg7 25.Nxc4 bxc4 26.Be3 Qc7 27.Rxa7 Rxa7 28.Bxa7 Nd5 
29.Bd4 Bxd4 30.cxd4 Nxb4 31.Rb1 Nd5 32.Qd2 Nf6 33.f3 Kg7 34.Ne2 Ra8 35.Qb4
Ra2 36.Bd1 Ba6 37.Nc3 Ra5 38.Ba4 Rg5 39.Qb6 Qc8 40.h4 Rh5 41.Qxd6 1-0

[Event "41st World U20 ch"]
[Site "Panaji IND"]
[Date "2002.12.11"]
[Round "4.19"]
[White "Singh, Rishipal"]
[Black "Jeremic, Veljko"]
[Result "1/2-1/2"]
[WhiteElo "2252"]
[BlackElo "2487"]
[EventDate "2002.12.09"]
[PlyCount "35"]

1.c4 Nf6 2.Nc3 d5 3.cxd5 Nxd5 4.g3 g6 5.Bg2 Nb6 6.d3 Bg7 7.Be3 c6 8.Qd2 h5
9.Nf3 Na6 10.O-O Nb4 11.a3 N4d5 12.Nxd5 Nxd5 13.Bc5 O-O 14.Bd4 Nf6 15.b4 
Re8 16.Qb2 a6 17.Rfe1 Bf8 18.Ne5 1/2-1/2

[Event "41st World U20 ch"]
[Site "Panaji IND"]
[Date "2002.12.11"]
[Round "4.20"]
[White "Russell, Majwuana Kankanamge Athula"]
[Black "Bar, Roman"]
[Result "0-1"]
[WhiteElo "2243"]
[BlackElo "2413"]
[EventDate "2002.12.09"]
[PlyCount "100"]

1.e4 c5 2.Nf3 Nc6 3.d4 cxd4 4.Nxd4 e6 5.Nc3 Qc7 6.g3 a6 7.Bg2 Nf6 8.O-O 
Bc5 9.Nxc6 dxc6 10.Bg5 e5 11.Kh1 Nd7 12.Qe2 O-O 13.Rfd1 b5 14.a4 b4 15.Nb1
a5 16.Be3 Ba6 17.Qe1 Bxe3 18.Qxe3 c5 19.b3 c4 20.Nd2 c3 21.Nf1 Nc5 22.Qe1 
Ne6 23.Ne3 Rad8 24.Nd5 Qa7 25.Rac1 Rfe8 26.Bf1 Bxf1 27.Qxf1 h6 28.Kg2 Nd4 
29.Qc4 Rc8 30.Qd3 Qc5 31.f4 f6 32.f5 Rcd8 33.g4 Rxd5 34.exd5 Qxd5+ 35.Kf2 
Rd8 36.Re1 Qc5 37.Qe3 Rd5 38.Kg3 Qd6 39.Qe4 Nc6 40.Kg2 Kh7 41.Re2 Rd4 42.
Qf3 Rf4 43.Qg3 Qd5+ 44.Kg1 Nd4 45.Rg2 Nf3+ 46.Kh1 Rd4 47.Rf1 Rd1 48.Qf2 
Rxf1+ 49.Qxf1 Nh4 50.h3 h5 0-1

[Event "41st World U20 ch"]
[Site "Panaji IND"]
[Date "2002.12.11"]
[Round "4.21"]
[White "Kidambi, Sundararajan"]
[Black "Poliakov, Dmitry"]
[Result "1-0"]
[WhiteElo "2408"]
[BlackElo "2290"]
[EventDate "2002.12.09"]
[PlyCount "197"]

1.d4 d5 2.c4 c6 3.Nc3 Nf6 4.e3 e6 5.Nf3 Nbd7 6.Bd3 dxc4 7.Bxc4 b5 8.Bd3 b4
9.Ne4 Be7 10.Nxf6+ Bxf6 11.e4 e5 12.O-O O-O 13.Re1 c5 14.d5 Bb7 15.Be3 Rc8
16.Rc1 Be7 17.Nd2 Nb6 18.Nb3 Na4 19.Qe2 a6 20.Bxa6 Bxa6 21.Qxa6 Nxb2 22.
Bxc5 Ra8 23.Qb7 Re8 24.Bb6 Qb8 25.Qxb8 Rexb8 26.Bc7 Rc8 27.d6 Bd8 28.d7 
Rxc7 29.Rxc7 Bxc7 30.Rc1 Kf8 31.Rxc7 Rd8 32.Na5 Ke7 33.Nc6+ Kd6 34.Nxd8 
Kxc7 35.Nxf7 Kxd7 36.Nxe5+ Kd6 37.f4 Kc5 38.Kf2 Nd1+ 39.Kf3 Nc3 40.Nd3+ 
Kc4 41.Nb2+ Kd4 42.e5 Kd5 43.f5 Nxa2 44.e6 Kd6 45.Ke4 Nc3+ 46.Kd4 h5 47.
Nc4+ Ke7 48.Ne3 g6 49.Ke5 gxf5 50.Nxf5+ Kd8 51.Nd4 Ke8 52.g3 Nd1 53.Kd6 
Ne3 54.e7 b3 55.Nxb3 Nf5+ 56.Ke6 Nxe7 57.Nd4 h4 58.g4 h3 59.Kf6 Nd5+ 60.
Kg5 Kf7 61.Kh4 Kf6 62.Kxh3 Ke5 63.Ne2 Ne3 64.Kg3 Nf1+ 65.Kg2 Ne3+ 66.Kf3 
Nf1 67.h3 Nd2+ 68.Ke3 Nc4+ 69.Kf3 Nd2+ 70.Kg3 Ne4+ 71.Kh4 Kf6 72.Ng3 Nf2 
73.Nh5+ Ke5 74.Kg3 Ne4+ 75.Kf3 Ng5+ 76.Kf2 Ke4 77.h4 Ne6 78.Kg3 Nd4 79.
Nf6+ Ke5 80.Nd7+ Ke6 81.Nc5+ Kd5 82.h5 Ke5 83.Nd3+ Kf6 84.Nf2 Kg5 85.Ne4+ 
Kh6 86.Nd2 Ne6 87.Nf3 Ng7 88.Kh4 Ne6 89.g5+ Kg7 90.Kg4 Kf7 91.Ne5+ Kg7 92.
Nd3 Nd4 93.h6+ Kh7 94.Kh5 Ne6 95.g6+ Kg8 96.Kg4 Nd4 97.Ne5 Ne6 98.Kf5 Kf8 
99.Kf6 1-0

[Event "41st World U20 ch"]
[Site "Panaji IND"]
[Date "2002.12.11"]
[Round "4.22"]
[White "Kjartansson, David"]
[Black "Perez Candelario, Manuel"]
[Result "0-1"]
[WhiteElo "2224"]
[BlackElo "2408"]
[EventDate "2002.12.09"]
[PlyCount "78"]

1.f4 c5 2.Nf3 Nc6 3.g3 g6 4.Bg2 Bg7 5.O-O Nf6 6.c3 O-O 7.d3 d6 8.Nh4 Rb8 
9.Na3 Bd7 10.Kh1 b5 11.Qe1 Qc8 12.e4 Bh3 13.f5 Bxg2+ 14.Nxg2 Qb7 15.Bf4 
Ng4 16.Rd1 Nge5 17.Ne3 b4 18.Bxe5 Nxe5 19.Nac4 Nxd3 20.Qd2 Qxe4+ 21.Kg1 
Ne5 22.Nxe5 Bxe5 23.Rde1 bxc3 24.bxc3 Qb7 25.Ng4 Bg7 26.Rxe7 Qxe7 27.f6 
Bxf6 28.Nxf6+ Kg7 29.Nd5 Qe4 30.Nf6 Qe6 31.g4 h6 32.g5 hxg5 33.Qxg5 Rh8 
34.h4 Qe5 35.Qg4 Qxc3 36.Ne4 Qd4+ 37.Kh1 Rbe8 38.Rxf7+ Kxf7 39.Ng5+ Kg8 
0-1

[Event "41st World U20 ch"]
[Site "Panaji IND"]
[Date "2002.12.11"]
[Round "4.23"]
[White "Lim Yee Weng"]
[Black "Vioreanu, Bogdan"]
[Result "1/2-1/2"]
[WhiteElo "2202"]
[BlackElo "2379"]
[EventDate "2002.12.09"]
[PlyCount "39"]

1.e4 c5 2.d4 cxd4 3.c3 dxc3 4.Nxc3 d6 5.Bc4 Nf6 6.Nf3 e6 7.O-O Be7 8.Qe2 
a6 9.Rd1 Qc7 10.Be3 O-O 11.Rac1 b5 12.Bd3 Qb7 13.e5 dxe5 14.Nxe5 Nbd7 15.
Bd4 Nxe5 16.Bxe5 Bd7 17.Bxf6 Bxf6 18.Be4 Bc6 19.Bxc6 Qxc6 20.Ne4 1/2-1/2

[Event "41st World U20 ch"]
[Site "Panaji IND"]
[Date "2002.12.11"]
[Round "4.24"]
[White "Gopal, Geetha Narayanan"]
[Black "Carlsson, Pontus"]
[Result "0-1"]
[WhiteElo "2174"]
[BlackElo "2376"]
[EventDate "2002.12.09"]
[PlyCount "56"]

1.e4 c5 2.Nf3 d6 3.d4 Nf6 4.Nc3 cxd4 5.Nxd4 g6 6.Be3 Bg7 7.f3 O-O 8.Bc4 
Nc6 9.Qd2 Bd7 10.O-O-O Rc8 11.Bb3 Ne5 12.h4 h5 13.Bh6 Bxh6 14.Qxh6 Rxc3 
15.bxc3 Qc8 16.g4 Qxc3 17.Kb1 a5 18.gxh5 a4 19.Ne2 Qxf3 20.hxg6 axb3 21.g7
bxc2+ 22.Ka1 cxd1=Q+ 23.Rxd1 Ng6 24.gxf8=Q+ Nxf8 25.Rg1+ Ng6 26.e5 Qxe2 
27.exf6 Qe5+ 28.Kb1 Bf5+ 0-1

[Event "41st World U20 ch"]
[Site "Panaji IND"]
[Date "2002.12.11"]
[Round "4.25"]
[White "Roy Chowdhury, Saptarshi"]
[Black "Geirnaert, Steven"]
[Result "1/2-1/2"]
[WhiteElo "2376"]
[BlackElo "2277"]
[EventDate "2002.12.09"]
[PlyCount "125"]

1.e4 e5 2.Nf3 Nc6 3.Bc4 Bc5 4.c3 d6 5.O-O Bb6 6.d3 Nf6 7.h3 Be6 8.Bb3 Ne7 
9.Be3 O-O 10.Nbd2 Ng6 11.Re1 Nh5 12.Nf1 Nhf4 13.d4 Qf6 14.Ng3 c6 15.Bc2 
Ne7 16.Bxf4 Qxf4 17.Nf1 Qf6 18.Ne3 Ng6 19.Nf5 Nf4 20.Kh2 g6 21.Ne3 h5 22.
Bb3 Rad8 23.Bc2 g5 24.d5 Bc8 25.Ng1 g4 26.Rf1 Qg5 27.g3 Nxh3 28.Nxh3 gxh3 
29.Nc4 h4 30.Nxb6 hxg3+ 31.fxg3 axb6 32.Qc1 Qxc1 33.Raxc1 cxd5 34.exd5 f5 
35.Kxh3 Kg7 36.Kg2 Rf6 37.Rh1 Rh8 38.Rxh8 Kxh8 39.Rh1+ Kg7 40.Rh4 e4 41.
Kf2 Rg6 42.Bd1 Bd7 43.Be2 Ba4 44.b3 Bd7 45.c4 Rg5 46.Rh1 Be8 47.Rh3 Rg6 
48.Ke3 Rh6 49.Rxh6 Kxh6 50.Kf4 Bd7 51.g4 Kg6 52.gxf5+ Bxf5 53.Bd1 Kf6 54.
a3 e3 55.Kxe3 Ke5 56.b4 b5 57.cxb5 Kxd5 58.Bf3+ Kc4 59.Bxb7 Kxb5 60.Kd4 
Ka4 61.Bc6+ Kxa3 62.b5 Kb4 63.Kd5 1/2-1/2

[Event "41st World U20 ch"]
[Site "Panaji IND"]
[Date "2002.12.11"]
[Round "4.26"]
[White "Collins, Sam"]
[Black "Sprenger, Wendelin"]
[Result "1-0"]
[WhiteElo "2372"]
[BlackElo "2174"]
[EventDate "2002.12.09"]
[PlyCount "117"]

1.e4 d5 2.exd5 Qxd5 3.Nc3 Qd6 4.d4 Nf6 5.Bc4 a6 6.Nge2 b5 7.Bf4 Qb6 8.Bb3 
g6 9.O-O Bg7 10.a4 Bb7 11.axb5 axb5 12.Rxa8 Bxa8 13.Qd3 b4 14.Qb5+ Nbd7 
15.Qxb6 Nxb6 16.Nb5 Nfd5 17.Nxc7+ Kd7 18.Nxd5 Bxd5 19.Bxd5 Nxd5 20.Bd2 Ra8
21.Rb1 e5 22.dxe5 Bxe5 23.c4 bxc3 24.Nxc3 Nxc3 25.Bxc3 Bxc3 26.bxc3 Ra3 
27.Rc1 Kd6 28.Kf1 Ra2 29.g4 h5 30.gxh5 gxh5 31.Kg2 Ra5 32.h4 Rf5 33.Kg3 
Kc5 34.Re1 Kc4 35.Re4+ Kxc3 36.Rf4 Ra5 37.Rxf7 Kd4 38.Kf4 Ra2 39.Rd7+ Kc5 
40.Kg5 Rxf2 41.Kxh5 Rg2 42.Kh6 Kc6 43.Rd4 Kc5 44.Rd3 Rg1 45.h5 Rh1 46.Kg6 
Rg1+ 47.Kh7 Kc6 48.h6 Kc7 49.Kh8 Kc8 50.h7 Kc7 51.Ra3 Kd7 52.Ra8 Ke6 53.
Rg8 Rh1 54.Kg7 Rg1+ 55.Kf8 Rf1+ 56.Ke8 Rb1 57.Rg6+ Kf5 58.Rf6+ Kg4 59.Rf8 
1-0

[Event "41st World U20 ch"]
[Site "Panaji IND"]
[Date "2002.12.11"]
[Round "4.27"]
[White "Akshayraj, Kore"]
[Black "Asauskas, Henrikas"]
[Result "1/2-1/2"]
[WhiteElo "2167"]
[BlackElo "2331"]
[EventDate "2002.12.09"]
[PlyCount "94"]

1.e4 c5 2.Nf3 d6 3.d4 cxd4 4.Nxd4 Nf6 5.Nc3 g6 6.Be3 Bg7 7.f3 O-O 8.Qd2 
Nc6 9.O-O-O Nxd4 10.Bxd4 Be6 11.Kb1 Qc7 12.h4 Rfc8 13.h5 Qa5 14.hxg6 hxg6 
15.a3 Rab8 16.Bd3 Bc4 17.g4 b5 18.Bxc4 bxc4 19.Ka2 Rb7 20.Rb1 Rcb8 21.g5 
Nh5 22.Bxg7 Kxg7 23.f4 e6 24.Qe3 Rb6 25.Ne2 Ra6 26.Rhf1 Kg8 27.f5 exf5 28.
exf5 gxf5 29.Rh1 f4 30.Qd4 Ng7 31.Nxf4 c3 32.Qxc3 Qxc3 33.bxc3 Rxb1 34.
Rxb1 Ne6 35.Nd5 Kg7 36.Rg1 Ra5 37.c4 Rc5 38.Kb3 Nd4+ 39.Kb2 Rxc4 40.Ne3 
Rc5 41.c4 Nf5 42.Nxf5+ Rxf5 43.Rd1 Rxg5 44.Rxd6 f5 45.Kc3 f4 46.Kd3 Re5 
47.Rd4 Re3+ 1/2-1/2

[Event "41st World U20 ch"]
[Site "Panaji IND"]
[Date "2002.12.11"]
[Round "4.28"]
[White "Das, Arghyadip"]
[Black "Ravichandran, Siddharth"]
[Result "1/2-1/2"]
[WhiteElo "2324"]
[BlackElo "2223"]
[EventDate "2002.12.09"]
[PlyCount "88"]

1.e4 c5 2.Nf3 d6 3.d4 cxd4 4.Nxd4 Nf6 5.f3 e6 6.Be3 Nbd7 7.Nc3 a6 8.Qd2 b5
9.g4 h6 10.h4 Bb7 11.Rg1 Nc5 12.g5 Nh5 13.a3 hxg5 14.hxg5 g6 15.O-O-O Rc8 
16.Kb1 Be7 17.Bh3 Ba8 18.Bg4 Rb8 19.Na2 a5 20.Nb3 Nxb3 21.cxb3 b4 22.axb4 
axb4 23.Nxb4 Qa5 24.Nd3 Qxd2 25.Rxd2 Rxb3 26.Rc1 O-O 27.Bxh5 gxh5 28.Rh1 
d5 29.Rxh5 f6 30.gxf6 Bxf6 31.e5 Bg7 32.f4 d4 33.Bxd4 Be4 34.Bc3 Rb5 35.
Rh4 Rd5 36.Kc2 Rfd8 37.Rh3 Kf7 38.Bb4 Bf5 39.Rf3 Rc8+ 40.Bc3 Rcd8 41.Bb4 
Rc8+ 42.Bc3 Rcd8 43.Bb4 Rc8+ 44.Bc3 Rcd8 1/2-1/2

[Event "41st World U20 ch"]
[Site "Panaji IND"]
[Date "2002.12.11"]
[Round "4.29"]
[White "Arjun Tiwari, Deepak"]
[Black "Li Qun"]
[Result "1/2-1/2"]
[WhiteElo "2154"]
[BlackElo "2320"]
[EventDate "2002.12.09"]
[PlyCount "70"]

1.e4 c5 2.Nc3 Nc6 3.f4 e6 4.Nf3 d5 5.d3 dxe4 6.dxe4 Qxd1+ 7.Nxd1 b6 8.Bb5 
Bb7 9.Ne5 Ne7 10.Nxc6 Nxc6 11.c3 O-O-O 12.Nf2 a6 13.Be2 e5 14.f5 g6 15.g4 
gxf5 16.gxf5 Rg8 17.Bh5 Rd7 18.Be3 Nd8 19.Ke2 Be7 20.Rag1 Rh8 21.Bh6 c4 
22.Rd1 Rxd1 23.Rxd1 Rg8 24.Kf3 Kc7 25.Ng4 f6 26.Ne3 b5 27.a4 bxa4 28.Nxc4 
Bc6 29.Be3 Nb7 30.Bf7 Rf8 31.Bb6+ Kb8 32.Bd5 Bxd5 33.Rxd5 Rc8 34.Rd7 Rxc4 
35.Rxe7 Nd6 1/2-1/2

[Event "41st World U20 ch"]
[Site "Panaji IND"]
[Date "2002.12.11"]
[Round "4.30"]
[White "Nikhilesh, Kumar"]
[Black "Jirka, Jiri"]
[Result "0-1"]
[WhiteElo "2182"]
[BlackElo "2378"]
[EventDate "2002.12.09"]
[PlyCount "74"]

1.e4 e5 2.Nf3 Nc6 3.Bb5 Bc5 4.O-O Nd4 5.Nxd4 exd4 6.d3 c6 7.Bc4 d5 8.exd5 
cxd5 9.Bb5+ Kf8 10.Re1 Ne7 11.Ba4 h5 12.h3 a5 13.Bf4 Ra6 14.Nd2 Rg6 15.Kh1
Bd6 16.Bxd6 Qxd6 17.Nf1 Qf6 18.Qe2 Be6 19.Qe5 Qxe5 20.Rxe5 Rf6 21.Re2 g5 
22.c3 Ng6 23.cxd4 g4 24.Ne3 gxh3 25.g3 h4 26.Rc1 h2 27.g4 Rf4 28.Nf5 Bxf5 
29.gxf5 Rxf5 30.Kxh2 Kg7 31.Bb3 Rhh5 32.Rc7 Rhg5 33.Rd2 h3 34.Rc1 Rg2+ 35.
Kh1 Rfg5 36.Rf1 h2 37.Rdd1 Nf4 0-1